000 00304nam a22001337a 4500
008 181220b xxu||||| |||| 00| 0 eng d
020 _a9780393703016
041 _aeng
080 _23rd
_a615
100 _a5
101 _aFAR
245 _aPsychotropic Drugs Fast Facts
_cMaxmen,J.S
942 _2udc
_cBK
999 _c53545
_d53545